The essence of international money / (Record no. 126897)

MARC details
000 -LEADER
fixed length control field 00731nam a22002537a 4500
005 - DATE AND TIME OF LATEST TRANSACTION
control field 20170124110016.0
010 ## - LIBRARY OF CONGRESS CONTROL NUMBER
LC control number A-817102
020 ## - INTERNATIONAL STANDARD BOOK NUMBER
Terms of availability 75.00
International Standard Book Number 81203110543
035 ## - SYSTEM CONTROL NUMBER
System control number A-817102
037 ## - SOURCE OF ACQUISITION
Source of stock number/acquisition Cen Lib/Ret
040 ## - CATALOGING SOURCE
Original cataloging agency DPL
Language of cataloging EN
082 ## - DEWEY DECIMAL CLASSIFICATION NUMBER
Classification number 332.4
Item number BUC
100 ## - MAIN ENTRY--PERSONAL NAME
Personal name Buckley, Adrian
9 (RLIN) 18785
245 ## - TITLE STATEMENT
Title The essence of international money /
Statement of responsibility, etc by Adrian Buckley
250 ## - EDITION STATEMENT
Edition statement 2nd ed
260 ## - PUBLICATION, DISTRIBUTION, ETC. (IMPRINT)
Place of publication, distribution, etc New Delhi
Name of publisher, distributor, etc Prentice Hall of India
Date of publication, distribution, etc 1996
270 ## - ADDRESS
Address M-97,Connaught circus
City New Delhi
Postal code 110001
300 ## - PHYSICAL DESCRIPTION
Extent xii,182p.
Dimensions 21cm(Hb)
500 ## - GENERAL NOTE
General note Includes index
650 ## - SUBJECT ADDED ENTRY--TOPICAL TERM
Topical term or geographic name as entry element International finance
9 (RLIN) 18786
650 ## - SUBJECT ADDED ENTRY--TOPICAL TERM
Topical term or geographic name as entry element Foreign exchange
9 (RLIN) 10359
700 ## - ADDED ENTRY--PERSONAL NAME
9 (RLIN) 18366
942 ## - ADDED ENTRY ELEMENTS (KOHA)
Source of classification or shelving scheme Dewey Decimal Classification
Koha item type English Books
Classification part 332.4
Call number suffix BUC
Holdings
Withdrawn status Lost status Damaged status Not for loan Home library Current library Date acquired Source of acquisition Cost, normal purchase price Total Checkouts Full call number Barcode Date last seen Copy number Cost, replacement price Price effective from Koha item type
        Central Library Central Library 26/06/2015 Cen Lib/Ret 75.00   332.4 BUC A-817102 26/06/2015 1 75.00 26/06/2015 English Books

© Delhi Public Library
Hit Counter
free hit counter